[Event "VIII Rector Cup w"]
[Site "Kharkiv UKR"]
[Date "2006.04.01"]
[Round "5"]
[White "Karlovich,A"]
[Black "Kirillova,V"]
[Result "1-0"]
[WhiteElo "2284"]
[BlackElo "2236"]

1.e4 c5 2.Nf3 Nc6 3.Bb5 d6 4.O-O Bd7 5.Re1 Nf6 6.c3 a6 7.Bf1 e5 8.d4 g6 9.a4 cxd4
10.cxd4 Bg4 11.dxe5 dxe5 12.Qxd8+ Rxd8 13.Bg5 Be7 14.Nbd2 h6 15.Bxf6 Bxf6
16.h3 Be6 17.Rac1 Nd4 18.Bc4 Bd7 19.Bd5 b5 20.axb5 Nxf3+ 21.Nxf3 axb5 22.Bc6 b4
23.Bxd7+ Rxd7 24.Rc5 O-O 25.Rb5 Rdd8 26.Rxb4 Rb8 27.Rxb8 Rxb8 28.Re2 Kf8
29.Kf1 Ke7 30.Rc2 Rb4 31.Nd2 Bg5 32.Nc4 Ke6 33.Ke2 f5 34.f3 Be7 35.Kd3 Rb5
36.Rc1 Rb3+ 37.Kc2 Rb5 38.Ra1 h5 39.Ra6+ Kf7 40.Rc6 h4 41.b3 Bf8 42.Kc3 Bb4+
43.Kd3 Be7 44.Rb6 Rxb6 45.Nxb6 Ke6 46.Kc4 fxe4 47.fxe4 Ba3 48.Kb5 Bb2 49.Kc6 Bd4
50.Nd5  1-0

[Event "TCh-FRA Top 16 Gp A"]
[Site "Montpellier FRA"]
[Date "2006.04.01"]
[Round "6"]
[White "Fressinet,L"]
[Black "Abergel,T"]
[Result "1-0"]
[WhiteElo "2625"]
[BlackElo "2426"]

1.e4 c5 2.Nf3 Nc6 3.Bb5 d6 4.O-O Bd7 5.Re1 Nf6 6.c3 a6 7.Ba4 b5 8.Bc2 Bg4
9.d3 e6 10.Nbd2 Be7 11.h3 Bh5 12.Nf1 Nd7 13.Ng3 Bg6 14.d4 cxd4 15.Nxd4 Nxd4
16.cxd4 Rc8 17.Bd3 Nb6 18.Nf5 O-O 19.Nxe7+ Qxe7 20.b3 Qb7 21.Ba3 Rfd8 22.Qd2 f6
23.f3 Nd7 24.Rac1 Qb6 25.Qf2 b4 26.Bb2 d5 27.Bf1 Nf8 28.e5 Qa5 29.exf6 gxf6
30.Ba1 Qb6 31.Rc5 Nd7 32.Rec1 Nxc5 33.dxc5 Qc7 34.Qh4 Rf8 35.Bxf6 e5 36.Qg5 Rce8
37.f4 exf4 38.Qxd5+ Qf7 39.Qxf7+ Bxf7 40.Bh4 a5 41.c6 Ra8 42.c7 Be6 43.Be7 Rfc8
44.Bd6 f3 45.gxf3 Kf7 46.Kf2 Rg8 47.Rc6 a4 48.Rb6 axb3 49.axb3 Bxb3 50.Rxb4 Bd5
51.Rb8 Be6 52.Bd3 h5 53.Be4 Ra6 54.Rxg8 Kxg8 55.Bd5  1-0

[Event "FSGM April"]
[Site "Budapest HUN"]
[Date "2006.04.02"]
[Round "2"]
[White "Hera,I"]
[Black "Seres,L"]
[Result "0-1"]
[WhiteElo "2443"]
[BlackElo "2400"]

1.e4 c5 2.Nf3 Nc6 3.Bb5 Qb6 4.Nc3 e6 5.Bxc6 Qxc6 6.d4 cxd4 7.Nxd4 Qc7 8.O-O a6
9.Qe2 d6 10.Bg5 Be7 11.Bxe7 Nxe7 12.Rad1 O-O 13.f4 b5 14.a3 e5 15.fxe5 dxe5
16.Nf5 Nxf5 17.exf5 f6 18.Nd5 Qf7 19.c4 Rb8 20.Rd2 Bb7 21.Rfd1 Rfd8 22.b4 h6
23.h3 Kh7 24.Ne3 Rxd2 25.Rxd2 bxc4 26.Qxc4 Qxc4 27.Nxc4 Rc8 28.Rd7 Bxg2 29.Nd6 Bc6
30.Rxg7+ Kxg7 31.Nxc8 Bd7 32.Nd6 Kf8 33.Ne4 Bxf5 34.Nxf6 Bxh3 35.Kh2 Bc8
36.Kg3 Kf7 37.Ne4 Ke6 38.Kh4 Kd5 39.Nc5 e4 40.Nxe4 Kxe4 41.Kh5 Kd4 42.Kxh6 Kc4
43.Kg5 Kb3 44.Kf4 Kxa3 45.Ke3 Kxb4 46.Kd2 Kb3  0-1

[Event "TCh-FRA Top 16 Gp A"]
[Site "Montpellier FRA"]
[Date "2006.04.02"]
[Round "7"]
[White "Riff,JN"]
[Black "Romieux,S"]
[Result "1-0"]
[WhiteElo "2444"]
[BlackElo "2221"]

1.e4 c5 2.Nf3 Nc6 3.Bb5 d6 4.O-O Bd7 5.c3 Nf6 6.Re1 a6 7.Ba4 c4 8.h3 Ne5
9.Bc2 Bc6 10.b3 Nd3 11.Re3 Bxe4 12.bxc4 Nc5 13.d3 Bg6 14.Nh4 e6 15.Nxg6 hxg6
16.d4 Ncd7 17.Qe2 Qc7 18.Ba3 Rc8 19.Nd2 Qa5 20.Bb4 Qh5 21.Qxh5 Rxh5 22.Bd1 Rh4
23.a4 d5 24.c5 b6 25.g3 Rxh3 26.cxb6 Nxb6 27.Ba5 Rb8 28.Rb1 Nbd7 29.Rxb8+ Nxb8
30.Bc7 Nc6 31.Be2 Kd7 32.Bb6 Nb8 33.Nf3 Rh8 34.Ne5+ Ke8 35.Bc7 Nfd7 36.Nxd7 Nxd7
37.Bxa6 Be7 38.Bb5 Bd8 39.Bd6 Be7 40.Bb4 Kd8 41.a5 Bg5 42.Re1 Kc7 43.a6 Nb6
44.Ba5 Ra8 45.Rb1 Bd8 46.Kf1 Kd6 47.Bb4+ Kc7 48.Ke2 g5 49.g4 Nc8 50.Bc5 Nb6
51.f3 Bf6 52.Bd3 Nc4 53.a7 g6 54.Bxc4 dxc4 55.Rb8  1-0

[Event "TCh-FRA Top 16 Gp A"]
[Site "Montpellier FRA"]
[Date "2006.04.02"]
[Round "7"]
[White "Adams,Mi"]
[Black "Gregoire,S"]
[Result "1-0"]
[WhiteElo "2707"]
[BlackElo "2261"]

1.e4 c5 2.Nf3 Nc6 3.Bb5 e6 4.Bxc6 bxc6 5.b3 d5 6.Nc3 g5 7.Bb2 Bg7 8.d3 Ba6
9.Nd2 Ne7 10.Qc1 Ng6 11.Na4 Bd4 12.O-O Qd6 13.Re1 O-O 14.Nf3 Bxb2 15.Qxb2 g4
16.Nd2 Bb5 17.Qa3 Bxa4 18.Qxa4 f5 19.exf5 exf5 20.d4 f4 21.Qa3 Qf6 22.Qxc5 g3
23.Nf3 Nh4 24.Qc3 gxf2+ 25.Kxf2 Nf5 26.Kg1 Kh8 27.Re2 Rae8 28.Rxe8 Rxe8 29.Re1 Rg8
30.Re2 Qg7 31.Qd2 Ne3 32.Kh1 Qg4 33.Rf2 h6 34.Ne5 Qh4  1-0

[Event "FSGM April"]
[Site "Budapest HUN"]
[Date "2006.04.03"]
[Round "3"]
[White "Kristjansson,St"]
[Black "Hoang Thanh Trang"]
[Result "1-0"]
[WhiteElo "2476"]
[BlackElo "2480"]

1.e4 c5 2.Nf3 Nc6 3.Bb5 g6 4.Bxc6 dxc6 5.d3 Bg7 6.h3 e5 7.Be3 b6 8.Nc3 Ne7
9.Qd2 Qd6 10.Bh6 O-O 11.O-O-O f6 12.Bxg7 Kxg7 13.Nh2 Be6 14.Ne2 Rad8 15.f4 c4
16.fxe5 fxe5 17.Qc3 c5 18.dxc4 Qc7 19.Rxd8 Rxd8 20.Nf3 Nc6 21.Nf4 Qf7 22.Nd5 Nd4
23.Qe3 Nxf3 24.Rf1 Bxd5 25.cxd5 Ng5 26.Rxf7+ Nxf7 27.Qa3 a5 28.Qa4 Kf8 29.a3 Rd6
30.b4 axb4 31.axb4 cxb4 32.Qxb4 Ke8 33.Kd2 Kd7 34.Kd3 h6 35.Qa4+ Ke7 36.Qa7+ Ke8
37.Qb8+ Ke7 38.Qc7+ Ke8 39.h4 g5 40.h5 Rf6 41.Kc3 Nd6 42.Kb4 Nf7 43.c4 Rd6
44.c5 bxc5+ 45.Kxc5 Rd7 46.Qc6 Ke7 47.Qe6+ Kd8 48.d6 Ra7 49.Qg6 Kc8 50.Qg8+ Nd8
51.Qh8 Ra2 52.Qxh6 Rxg2 53.Qh7 Rc2+ 54.Kd5 Rd2+ 55.Kxe5 Nc6+ 56.Kf5 Rxd6
57.h6 Nd8 58.Qg7 Rd7 59.Qg8  1-0

[Event "43rd ch-IND"]
[Site "Visakhapatnam IND"]
[Date "2006.04.03"]
[Round "1"]
[White "Girinath,P"]
[Black "Venkatesh,M"]
[Result "0-1"]
[WhiteElo "2350"]
[BlackElo "2438"]

1.e4 c5 2.Nf3 Nc6 3.Bb5 Nf6 4.Nc3 Qc7 5.O-O Nd4 6.Re1 a6 7.Bf1 Ng4 8.g3 Nxf3+
9.Qxf3 Ne5 10.Qd1 e6 11.b3 Be7 12.Bb2 O-O 13.f4 Ng6 14.Bg2 d6 15.Qh5 Rb8
16.e5 f5 17.exf6 Bxf6 18.Nd1 Bxb2 19.Nxb2 b5 20.Nd3 c4 21.Nf2 Qb6 22.Re3 d5
23.Rae1 Kh8 24.c3 Bd7 25.Nh3 e5 26.Ng5 h6 27.fxe5 Rf5 28.h4 Ne7 29.e6 Be8
30.Qg4 hxg5 31.hxg5 Bg6 32.Bh3 Kg8 33.Re2 Rbf8 34.Bg2 Re5 35.Kh2 Rxe3 36.Rxe3 Rf2
37.Re2 Bf5  0-1

[Event "ch-VIE"]
[Site "Cao Lanh Dong Thap VIE"]
[Date "2006.04.05"]
[Round "3"]
[White "Tran Thanh Tu"]
[Black "Tran Manh Tien"]
[Result "1-0"]
[WhiteElo "2274"]
[BlackElo "2139"]

1.e4 c5 2.Nf3 Nc6 3.Bb5 e6 4.O-O Nge7 5.Re1 a6 6.Bf1 g6 7.c3 Bg7 8.d4 cxd4
9.cxd4 d6 10.Bg5 h6 11.Be3 d5 12.e5 Nf5 13.Qd2 Nxe3 14.Qxe3 Bd7 15.Nbd2 O-O
16.Rec1 Qe7 17.Nb3 b6 18.Rc3 Rfc8 19.Rac1 Qe8 20.h4 a5 21.h5 a4 22.Nbd2 Ne7
23.g4 gxh5 24.gxh5 Bb5 25.Bh3 Rxc3 26.bxc3 Bc4 27.Nxc4 dxc4 28.Nd2 Nd5 29.Qg3 Rc8
30.Kh2 Kh8 31.Rg1 Qg8 32.Ne4 Qh7 33.Nd6 Rc7 34.Bg2 Ne7 35.Be4 Qg8 36.Qxg7+ Qxg7
37.Rxg7 Kxg7 38.Ne8+  1-0

[Event "ch-VIE"]
[Site "Cao Lanh Dong Thap VIE"]
[Date "2006.04.05"]
[Round "5"]
[White "Hoang Canh,H"]
[Black "Tu Hoang Thong"]
[Result "0-1"]
[WhiteElo "2323"]
[BlackElo "2457"]

1.e4 c5 2.Nf3 Nc6 3.Bb5 e6 4.O-O Nge7 5.b3 a6 6.Bxc6 Nxc6 7.Bb2 d6 8.d4 cxd4
9.Nxd4 e5 10.Nxc6 bxc6 11.f4 exf4 12.Nd2 Be7 13.Rxf4 O-O 14.Qe2 Be6 15.Rff1 Qa5
16.Nf3 Qh5 17.Rad1 a5 18.a4 Rfe8 19.Qf2 d5 20.Rde1 Bf8 21.Qg3 Qg6 22.Qxg6 hxg6
23.Bc3 Bc5+ 24.Bd4 Bb4 25.c3 Bf8 26.exd5 Bxd5 27.c4 Be6 28.Ng5 Bf5 29.Rxe8 Rxe8
30.h3 f6 31.Nf3 Bc2 32.Bb6 Bxb3 33.c5 Bxa4 34.Ra1 Re4 35.Nd2 Rd4 36.Ra2 Bb5
37.Nb3 Rd1+ 38.Kf2 a4 39.Nd2 f5 40.Nf3 Be7 41.Re2  0-1

[Event "43rd ch-IND"]
[Site "Visakhapatnam IND"]
[Date "2006.04.05"]
[Round "4"]
[White "Himanshu,Sh"]
[Black "Roy Chowdhury,S"]
[Result "1/2-1/2"]
[WhiteElo "2411"]
[BlackElo "2393"]

1.e4 c5 2.Nf3 Nc6 3.Bb5 e6 4.Bxc6 bxc6 5.O-O d6 6.c3 Nf6 7.Re1 Be7 8.d4 cxd4
9.cxd4 d5 10.e5 Nd7 11.Qc2 Bb7 12.Nc3 Rc8 13.Be3 c5 14.Qd2 O-O 15.dxc5 Nxc5
16.Bd4 Ne4 17.Qe3 Qa5 18.h4 Bc5 19.Rec1 Bxd4 20.Nxd4 h6 21.Nce2 Qb6 22.Nf4 Rxc1+
23.Rxc1 Rc8 24.Rxc8+ Bxc8 25.f3 Ng3 26.Kf2 Nf5 27.Nxf5 Qxb2+ 28.Qe2 Qxe2+
29.Kxe2 exf5 30.Nxd5 Be6 31.Nc3 g5 32.hxg5 hxg5 33.f4 Kg7 34.Kf3 Kg6 35.a3 Kh5
36.Kg3 Kg6 37.Nb5 a6 38.Nc3 f6 39.exf6 Kxf6 40.Ne2 Bd5 41.fxg5+ Kxg5 42.Nf4 Bc4
43.Kf3 Bb5 44.g3 Bc6+ 45.Kf2 Kg4 46.Nd3 Kh3 47.Nc5 a5 48.Nb3 Bd5 49.Nd4 Kg4
50.Ne2 Bf3 51.Nf4 Be4 52.Ng6 Bd5 53.Ne5+  1/2-1/2

[Event "4th V.Nabokov Mem"]
[Site "Kyiv UKR"]
[Date "2006.04.06"]
[Round "4"]
[White "Dolzhikova,K"]
[Black "Stopkin,V"]
[Result "0-1"]
[WhiteElo "2284"]
[BlackElo "2310"]

1.e4 c5 2.Nf3 Nc6 3.Bb5 g6 4.O-O Bg7 5.Qe2 Nf6 6.e5 Nd5 7.Qc4 Nc7 8.Bxc6 dxc6
9.Qxc5 O-O 10.d4 Bg4 11.Nbd2 Qd7 12.h3 Bf5 13.Nb3 Be4 14.Nfd2 Bd5 15.c4 Bxg2
16.Kxg2 Ne6 17.Nf3 Nxc5 18.Nxc5 Qf5 19.Re1 b6 20.Ne4 f6 21.exf6 exf6 22.Bd2 Qd7
23.Bb4 Rfe8 24.Rad1 Rad8 25.Rd2 g5 26.Kg3 h6 27.Rde2 f5 28.Nd6 Rxe2 29.Rxe2 c5
30.dxc5 bxc5 31.Bxc5 Qc7 32.Ba3 Rxd6 33.Bxd6 Qxd6+ 34.Kg2 Qc6  0-1

[Event "43rd ch-IND"]
[Site "Visakhapatnam IND"]
[Date "2006.04.06"]
[Round "5"]
[White "Ramesh,R"]
[Black "Venkatesh,M"]
[Result "1/2-1/2"]
[WhiteElo "2491"]
[BlackElo "2438"]

1.e4 c5 2.Nf3 Nc6 3.Bb5 Nf6 4.Bxc6 dxc6 5.d3 g6 6.h3 Bg7 7.Nc3 O-O 8.Bf4 Nd7
9.Qd2 e5 10.Bh6 Qe7 11.h4 Nf6 12.O-O-O Bg4 13.Rdg1 Bxf3 14.gxf3 Nh5 15.Ne2 f5
16.Bxg7  1/2-1/2

[Event "43rd ch-IND"]
[Site "Visakhapatnam IND"]
[Date "2006.04.07"]
[Round "7"]
[White "Sandipan,C"]
[Black "Venkatesh,M"]
[Result "0-1"]
[WhiteElo "2522"]
[BlackElo "2438"]

1.e4 c5 2.Nf3 Nc6 3.Bb5 Nf6 4.e5 Nd5 5.Nc3 Nc7 6.Bxc6 dxc6 7.h3 Bf5 8.O-O e6
9.d3 Be7 10.Qe2 h6 11.Ne4 Nd5 12.Rd1 Qc7 13.c4 Nb6 14.Bf4 Bxe4 15.Qxe4 O-O-O
16.a3 Na4 17.Qe2 g5 18.Be3 Rdg8 19.d4 cxd4 20.Rxd4 h5 21.Rad1 Nb6 22.h4 gxh4
23.Rf4 Rg7 24.Nxh4 Qxe5 25.Qf3 Rd8 26.Bd4 Qc7 27.Re1 Rg4 28.Be5 Rxf4 29.Qxf4 Qd7
30.Nf3 f6 31.Bc3 e5 32.Qh4 Qg4 33.Ba5 Rg8 34.Qxg4+ hxg4 35.Bxb6 gxf3 36.Bxa7 Rxg2+
37.Kf1 Rh2 38.Kg1 Rh4 39.Re3 e4 40.Rb3 Bd6 41.Be3 f5 42.a4 Bh2+ 43.Kf1 f4
44.Bb6 Rg4 45.Ke1 Rg2 46.a5 e3 47.fxe3 Bg3+  0-1

[Event "4th V.Nabokov Mem"]
[Site "Kyiv UKR"]
[Date "2006.04.08"]
[Round "6"]
[White "Dolzhikova,K"]
[Black "Pavlov,S2"]
[Result "0-1"]
[WhiteElo "2284"]
[BlackElo "2451"]

1.e4 c5 2.Nf3 Nc6 3.Bb5 e6 4.c3 Nf6 5.Qe2 Qb6 6.Na3 Be7 7.O-O O-O 8.Rd1 d5
9.exd5 exd5 10.Bxc6 Qxc6 11.Qxe7 Re8 12.Ne5 Rxe7 13.Nxc6 bxc6 14.d3 Bg4 15.f3 Bf5
16.Nc2 Rae8 17.Bf4 Re2 18.Rac1 Bg6 19.a3 c4 20.Nd4 Rxb2 21.dxc4 c5 22.Nc6 Ree2
23.cxd5 Rxg2+ 24.Kh1 Bh5 25.Rd3 h6 26.d6 Nd7 27.Rcd1 f6 28.Bg3 Rge2 29.c4 Rbc2
30.Ne7+ Kf7 31.Nd5 g5 32.Nc3 Re6 33.Kg1 Bg6 34.Ne4 Rxc4 35.Rb3 Bxe4 36.fxe4 Rexe4
37.Rb7 Ke6 38.Rxa7 f5 39.Ra8 Rcd4 40.Rxd4 cxd4 41.Re8+ Kd5 42.Rxe4 Kxe4 43.Kf1 Kd5
44.Ke2 f4 45.Bf2 Ne5 46.Kd2 Kxd6 47.a4 Kd5 48.a5 Nc4+ 49.Kd3 Nxa5 50.Bxd4 Nc6
51.Bg7 Ne5+ 52.Ke2 h5 53.h3 g4 54.hxg4 hxg4 55.Bf8 Ke4 56.Bc5 g3 57.Kf1 Ng4
58.Kg1 f3 59.Kf1 Ne3+  0-1

[Event "43rd ch-IND"]
[Site "Visakhapatnam IND"]
[Date "2006.04.08"]
[Round "9"]
[White "Das,Ar"]
[Black "Roy Chowdhury,S"]
[Result "1/2-1/2"]
[WhiteElo "2402"]
[BlackElo "2393"]

1.e4 c5 2.Nf3 Nc6 3.Bb5 e6 4.O-O Nge7 5.b3 Nd4 6.Nxd4 cxd4 7.Bb2 a6 8.Be2 Nc6
9.c4 Bd6 10.d3 O-O 11.Nd2 a5 12.a3 e5 13.g3  1/2-1/2

[Event "Mephisto Schloss Open A"]
[Site "Werther GER"]
[Date "2006.04.08"]
[Round "4"]
[White "Schlawin,M"]
[Black "Schebler,G"]
[Result "0-1"]
[WhiteElo "2301"]
[BlackElo "2465"]

1.e4 c5 2.Nf3 Nc6 3.Bb5 g6 4.Bxc6 bxc6 5.O-O Bg7 6.Re1 Nh6 7.c3 O-O 8.d4 cxd4
9.cxd4 d6 10.Nc3 f6 11.h3 Nf7 12.d5 c5 13.b3 Qe8 14.Nd2 f5 15.Bb2 Ne5 16.Nf3 Nxf3+
17.Qxf3 fxe4 18.Qe2 e3 19.fxe3 a5 20.Qd2 Ba6 21.Ne2 Bxe2 22.Rxe2 Bxb2 23.Qxb2 Qb5
24.e4 a4 25.e5 axb3 26.exd6 Rxa2 27.Rxa2 bxa2 28.Qxb5 a1=Q+ 29.Kh2 exd6 30.Qd7 Qf6
31.Qe6+ Kg7 32.Re4 g5 33.Qg4 Qf5 34.Re7+ Kg6 35.Re6+ Rf6 36.Qe2 Rxe6  0-1

[Event "TCh-HUN 2005-6"]
[Site "Hungary HUN"]
[Date "2006.04.09"]
[Round "10"]
[White "Fulop,N"]
[Black "Magyar,A"]
[Result "0-1"]
[WhiteElo "1949"]
[BlackElo "2175"]

1.e4 c5 2.Nf3 Nc6 3.Bb5 g6 4.c3 Nf6 5.Qc2 Bg7 6.O-O O-O 7.d4 d5 8.e5 Nd7
9.Bxc6 bxc6 10.Be3 Qc7 11.Nfd2 Ba6 12.Rc1 Rfb8 13.f4 c4 14.b4 Nf8 15.a4 Bc8
16.a5 Bf5 17.Qd1 Qd7 18.Qf3 h5 19.Na3 f6 20.Rf1 Ne6 21.Qd1 Bh6 22.Qe1 Kh7
23.Rf2 Rg8 24.Nf1 Ng7 25.Nc2 Raf8 26.Ra2 Bd3 27.Qd2 Nf5 28.Ne1 Be4 29.Nf3 Qe6
30.Qe1 g5 31.fxg5 fxg5 32.Qd1 Nxe3 33.Nxe3 g4  0-1

[Event "LII Nacional Abierto"]
[Site "Mexico City MEX"]
[Date "2006.04.12"]
[Round "2"]
[White "Blanco Fernandez,A"]
[Black "Carreto Nieto,G"]
[Result "1-0"]
[WhiteElo "2383"]
[BlackElo "2164"]

1.e4 c5 2.Nf3 Nc6 3.Bb5 d6 4.O-O Bd7 5.Re1 e5 6.c3 a6 7.Ba4 b5 8.Bc2 Bg4
9.d3 Qf6 10.Nbd2 Nge7 11.a4 Rb8 12.axb5 axb5 13.h3 Bc8 14.Nf1 h6 15.Ne3 g5
16.Nd5 Qg7 17.Nh2 h5 18.Nf1 f5 19.Nxe7 Bxe7 20.exf5 Bxf5 21.Ng3 Bg6 22.Qf3 Kd7
23.Ra6 Rbc8 24.Nf5 Qf6 25.d4 cxd4 26.Be4 g4 27.hxg4 hxg4 28.Qxg4 Bh5 29.Qh3 Be2
30.Nh6+  1-0

[Event "Open NOR-ch"]
[Site "Oslo NOR"]
[Date "2006.04.12"]
[Round "5"]
[White "Andersen,A"]
[Black "Strand,H"]
[Result "1/2-1/2"]
[WhiteElo "2216"]
[BlackElo "1990"]

1.e4 c5 2.Nf3 Nc6 3.Bb5 Na5 4.c3 a6 5.Ba4 b5 6.Bc2 Bb7 7.d4 cxd4 8.cxd4 e6
9.O-O Nf6 10.e5 Nd5 11.Nbd2 Be7 12.Ne4 h6 13.a3 b4 14.Ne1 Nc6 15.Qg4 Qb6
16.Nf3 h5 17.Qxg7 O-O-O 18.Qg3 Rdg8  1/2-1/2

[Event "17th Pobeskydi Hamont Cup"]
[Site "Frydek Mistek CZE"]
[Date "2006.04.13"]
[Round "2"]
[White "Zapolskis,A"]
[Black "Ponizil,C"]
[Result "1-0"]
[WhiteElo "2370"]
[BlackElo "2198"]

1.e4 c5 2.Nf3 Nc6 3.Bb5 g6 4.O-O Bg7 5.Re1 Nf6 6.e5 Nd5 7.Nc3 Nc7 8.Bxc6 dxc6
9.Ne4 Ne6 10.d3 O-O 11.Be3 b6 12.Qd2 f5 13.exf6 exf6 14.Bh6 a5 15.Bxg7 Kxg7
16.Re3 Ra7 17.Rae1 Re7 18.Ng3 Rfe8 19.Qc3 Nf4 20.Rxe7+ Rxe7 21.Rxe7+ Qxe7
22.Kf1 Bg4 23.Ng1 h5 24.h3 h4 25.Ne4 Bf5 26.Qd2 g5 27.Nc3 Qe6 28.b3 b5 29.Nce2 Nxe2
30.Qxe2 Qxe2+ 31.Nxe2 Kf7 32.Ke1 Ke7 33.f3 Be6 34.Kd2 Kd6 35.Ke3 Bd5 36.c4 Be6
37.Nc3 bxc4 38.Ne4+ Ke5 39.bxc4 Bc8 40.Nxc5 Kd6 41.Ne4+ Ke7 42.Kd4 Bd7 43.Nc5 Bc8
44.a4 f5 45.Ke5 Kf7 46.Nb3 Bb7 47.Kd6 Bc8 48.Nxa5 f4 49.Nxc6 Kf6 50.Ne5  1-0

[Event "7th ch-Euro w"]
[Site "Kusadasi TUR"]
[Date "2006.04.13"]
[Round "9"]
[White "Umudova,N"]
[Black "Smokina,K"]
[Result "1/2-1/2"]
[WhiteElo "2145"]
[BlackElo "2283"]

1.e4 c5 2.Nf3 Nc6 3.Bb5 g6 4.Bxc6 dxc6 5.d3 Bg7 6.h3 b6 7.Nc3 e5 8.Be3 Ne7
9.Qd2 h6 10.a4 a5 11.Nh2 Be6 12.Nb1 f5 13.Qc3 O-O 14.Na3 f4 15.Bd2 Qd4 16.Nf3 g5
17.Nc4 Qxc3 18.Bxc3 Bxc4 19.dxc4 Ng6 20.Ke2 Rad8 21.Ra3 Kf7 22.Rb3 Rb8 23.g4 Bf6
24.Rd1 Ke6 25.Be1 Nh8 26.Rbd3 Rbd8 27.Rxd8 Bxd8 28.Bc3 Nf7 29.b3 Bf6  1/2-1/2

[Event "Open NOR-ch"]
[Site "Oslo NOR"]
[Date "2006.04.13"]
[Round "6"]
[White "Andersen,A"]
[Black "Carlsen,E"]
[Result "1-0"]
[WhiteElo "2216"]
[BlackElo "1895"]

1.e4 c5 2.Nf3 Nc6 3.Bb5 g6 4.O-O Bg7 5.c3 Nf6 6.Qe2 O-O 7.Bxc6 bxc6 8.d3 a5
9.c4 Rb8 10.Nc3 d6 11.h3 Bd7 12.Rb1 Rb7 13.Bg5 h6 14.Be3 Ne8 15.Na4 e5 16.Nxc5 dxc5
17.Bxc5 Nc7 18.Bxf8 Qxf8 19.a3 Ne6 20.Qd2 a4 21.Qa5 c5 22.Kh2 Qb8 23.Qc3 Rb3
24.Qc2 Nf4 25.g3 Nxh3 26.Nd2 Rb6 27.b4 cxb4 28.axb4 Rxb4 29.c5 Rxb1 30.Rxb1 Qc8
31.c6 Qxc6 32.Qxc6 Bxc6 33.Kxh3 Bf8 34.Nc4 a3 35.Ra1 Bb5 36.Ra2 f5 37.exf5 gxf5
38.Nxe5 Bc5 39.Kg2 Kg7 40.Nc4 Kf6 41.Kf1 Ke6 42.Ke2 Bc6 43.Nxa3 Bd5 44.Nc4 Bd4
45.Ra6+ Ke7 46.Rxh6 Bg7 47.Ra6 Bc3 48.Ra7+ Ke6 49.Ne3 Bc6 50.Ra6 Kd7 51.Nxf5 Bb5
52.Rd6+ Kc7 53.g4 Bb4 54.Rh6  1-0

[Event "10th Neckar Open A"]
[Site "Deizisau GER"]
[Date "2006.04.14"]
[Round "2"]
[White "Pavasovic,D"]
[Black "Kuipers,E"]
[Result "1/2-1/2"]
[WhiteElo "2534"]
[BlackElo "2270"]

1.e4 c5 2.Nf3 Nc6 3.Bb5 g6 4.O-O Bg7 5.c3 Nf6 6.e5 Nd5 7.d4 cxd4 8.cxd4 O-O
9.Nc3 Nxc3 10.bxc3 d6 11.Re1 Bg4 12.exd6 Qxd6 13.h3 Bxf3 14.Qxf3 e5 15.a4 Rfd8
16.dxe5 Bxe5 17.Bg5 Re8 18.Red1 Qc7 19.Rd5 a6 20.Bf1 Ne7 21.Rd3 Rad8 22.Rad1 Rxd3
23.Rxd3 Nf5 24.g3 Ng7 25.Bg2 Ne6 26.Be3 b5 27.axb5 axb5 28.Bd2 Rd8 29.Qe2 Rxd3
30.Qxd3 Qc5 31.h4 h5 32.Kf1 Kg7 33.Bf3 Bf6 34.Bd5 Nc7 35.Bb3 Qa3 36.Qc2 Qd6
37.Be1 Ne6 38.Qd1 Qa6 39.Kg1 Nc5 40.Bd5 Qd6 41.Qf3 Na4 42.Bb3 Qe5 43.Bd2 Nc5
44.Bd5 Na4 45.Bb3 Nc5 46.Bc2 Na4 47.c4 Qa1+ 48.Qd1 Qxd1+ 49.Bxd1 Nb2 50.cxb5 Nxd1
51.b6 Bd4 52.b7 Bxf2+ 53.Kg2 Ba7 54.Kf3 Kf8 55.Ke2 Nb2 56.Be3 Bb8 57.Bf4 Ba7
58.Be3 Bb8 59.Bf4 f6 60.Ke1  1/2-1/2

[Event "Foxwoods Open"]
[Site "Ledyards USA"]
[Date "2006.04.14"]
[Round "5"]
[White "Friedman,J"]
[Black "Miller,S"]
[Result "0-1"]
[WhiteElo "2207"]
[BlackElo "2052"]

1.e4 c5 2.Nf3 Nc6 3.Bb5 e6 4.O-O Nge7 5.Re1 d6 6.Bf1 d5 7.exd5 Nxd5 8.d4 cxd4
9.Nxd4 Nxd4 10.Qxd4 Nf6 11.Qxd8+ Kxd8 12.c4 Bd7 13.Nc3 Bc6 14.a3 a5 15.Be3 Be7
16.Bb6+ Kc8 17.b4 Nd7 18.Bxa5 b6 19.b5 Rxa5 20.bxc6 Nb8 21.Rab1 Bc5 22.Ne4 Nxc6
23.Nxc5 bxc5 24.Rb6 Nd4 25.Reb1 Rd8 26.Rb8+ Kd7 27.R1b7+ Ke8 28.Rxd8+ Kxd8
29.Rxf7 Rxa3 30.Rxg7 Ra1 31.g3 Nf3+ 32.Kg2 Nxh2 33.Be2 Re1 34.Bd3 Rd1 35.Bxh7 Nf1
36.Rg5  0-1

[Event "LII Nacional Abierto"]
[Site "Mexico City MEX"]
[Date "2006.04.14"]
[Round "5"]
[White "Lares,M"]
[Black "Contreras Medina,R"]
[Result "0-1"]
[WhiteElo "2273"]
[BlackElo "2167"]

1.e4 c5 2.Nf3 Nc6 3.Bb5 g6 4.Bxc6 dxc6 5.d3 f6 6.Nbd2 e5 7.b3 Nh6 8.O-O Nf7
9.a4 a5 10.Qe1 Be6 11.Nc4 g5 12.Kh1 h5 13.Bd2 b6 14.Bc3 Bd6 15.Nfd2 Bc7 16.Ne3 Qd7
17.f3 O-O-O 18.Rf2 Rh6 19.Ndf1 Rg8 20.Ng3 Nd6 21.Bd2 Rh7 22.Rb1 h4 23.Ngf1 Ne8
24.h3 Ng7 25.Ng4 Nh5  0-1

[Event "44th Doeberl Cup"]
[Site "Canberra AUS"]
[Date "2006.04.15"]
[Round "4"]
[White "Ly,M"]
[Black "Ayvazyan,A"]
[Result "1-0"]
[WhiteElo "2188"]
[BlackElo "2265"]

1.e4 c5 2.Nf3 Nc6 3.Bb5 d6 4.d4 cxd4 5.Qxd4 Bd7 6.Bxc6 Bxc6 7.Nc3 Nf6 8.Bg5 e6
9.O-O-O Be7 10.Rhe1 O-O 11.Kb1 Qc7 12.Qd2 Rfc8 13.Nd4 b5 14.f3 b4 15.Nce2 a5
16.g4 Be8 17.Ng3 Qc5 18.h4 a4 19.Nh5 a3 20.Bxf6 Bxf6 21.Nxf6+ gxf6 22.b3 Ra5
23.g5 fxg5 24.Rg1 h6 25.hxg5 hxg5 26.Nf5 exf5 27.Rxg5+ Kf8 28.Rxf5 d5 29.Qh6+ Ke7  1-0

[Event "10th Neckar Open A"]
[Site "Deizisau GER"]
[Date "2006.04.15"]
[Round "5"]
[White "Drabke,L"]
[Black "Pavasovic,D"]
[Result "1/2-1/2"]
[WhiteElo "2393"]
[BlackElo "2534"]

1.e4 c5 2.Nf3 Nc6 3.Bb5 g6 4.Bxc6 bxc6 5.O-O Bg7 6.Re1 Nh6 7.c3 O-O 8.h3 f6
9.d4 cxd4 10.cxd4 d6 11.b3 Nf7 12.Bb2 f5 13.e5 dxe5 14.Nxe5 Bxe5 15.dxe5 Qxd1
16.Rxd1 Be6 17.Nc3 Rfd8 18.Rxd8+ Nxd8 19.f4 Kf7 20.Ba3 Bd7 21.Rd1 Ke8 22.Na4 Ne6
23.Nc5 Rd8 24.Nxe6 Bxe6 25.Rxd8+ Kxd8 26.Bc5  1/2-1/2

[Event "44th Doeberl Cup"]
[Site "Canberra AUS"]
[Date "2006.04.16"]
[Round "6"]
[White "Gorka,C"]
[Black "Tsagarakis,A"]
[Result "1-0"]
[WhiteElo "2233"]
[BlackElo "1917"]

1.e4 c5 2.Nf3 Nc6 3.Bb5 e6 4.Bxc6 bxc6 5.d3 d6 6.O-O e5 7.h3 Be7 8.Nbd2 Nf6
9.Nc4 O-O 10.Qe2 Rb8 11.b3 Ne8 12.g4 Nc7 13.Ne3 g6 14.Ng2 Ne6 15.Kh2 Qd7
16.Bh6 Ng7 17.Rg1 f6 18.Nfh4 Rf7 19.Bxg7 Kxg7 20.Qe3 d5 21.Rad1 Qd8 22.Qg3 Kh8
23.Nf3 Bd6 24.Ne3 Be6 25.Kh1 Qe7 26.Rg2 Rbf8 27.Rdg1 c4 28.Nf5 gxf5 29.gxf5 Rg7
30.Qxg7+ Qxg7 31.Rxg7 Bf7 32.dxc4 dxe4 33.Nd2 Bb8 34.Nxe4 Bg6 35.R7xg6 hxg6
36.Rxg6 a5 37.Nxf6  1-0

[Event "Open NOR-ch"]
[Site "Oslo NOR"]
[Date "2006.04.16"]
[Round "9"]
[White "Myhrvold,R"]
[Black "Gabrielsen,T"]
[Result "1/2-1/2"]
[WhiteElo "2155"]
[BlackElo "2281"]

1.e4 c5 2.Nf3 Nc6 3.Bb5 g6 4.O-O Bg7 5.Re1 Nf6 6.e5 Nd5 7.d3 O-O 8.Nc3 Nxc3
9.bxc3 d5 10.Bxc6 bxc6 11.h3 Qa5 12.Bd2 Bf5 13.Qc1 Rab8 14.a4 Rb7 15.c4 Qa6
16.cxd5 cxd5 17.Qa3 Rc8 18.Rab1 Bd7 19.a5 d4 20.Bf4 Bc6 21.Nd2 Bd5 22.Qa4 Rxb1
23.Rxb1 g5 24.Bg3 Qe6 25.Ne4 h5 26.f3 Bc6 27.Qb3 g4 28.hxg4 hxg4 29.Nd2 Bd5
30.c4 dxc3 31.Qxc3 Qg6 32.Kf2 gxf3 33.Nxf3 c4 34.Rd1 Qc6  1/2-1/2

[Event "Spring NAm IMC"]
[Site "Schaumburg USA"]
[Date "2006.04.18"]
[Round "2"]
[White "Hernandez,Gi"]
[Black "Tsyganov,I"]
[Result "1-0"]
[WhiteElo "2530"]
[BlackElo "2281"]

1.e4 c5 2.Nf3 Nc6 3.Bb5 e6 4.Bxc6 bxc6 5.d3 Ne7 6.Qe2 Ng6 7.h4 h5 8.e5 f6
9.Qe4 Kf7 10.Rh3 d5 11.exd6 Bxd6 12.Nc3 e5 13.Rh1 Ne7 14.Bd2 Rb8 15.b3 Nf5
16.Qxc6 Nd4 17.Nxd4 cxd4 18.Ne4 Be7 19.Qa4 Qb6 20.f4 exf4 21.Bxf4 Bg4 22.Bxb8 Rxb8
23.Rf1 Rc8 24.Kf2 Rxc2+ 25.Kg1 Kg6 26.Qe8+  1-0

[Event "Spring NAm IMC"]
[Site "Schaumburg USA"]
[Date "2006.04.19"]
[Round "4"]
[White "Pasalic,M"]
[Black "Tsyganov,I"]
[Result "1-0"]
[WhiteElo "2363"]
[BlackElo "2281"]

1.e4 c5 2.Nf3 Nc6 3.Bb5 g6 4.O-O Bg7 5.Re1 Nf6 6.c3 O-O 7.d4 cxd4 8.cxd4 d5
9.e5 Ne4 10.Nbd2 Nxd2 11.Bxd2 Qb6 12.Bxc6 bxc6 13.Qa4 Rb8 14.Bc3 Bh6 15.h3 Ba6
16.b3 Rfc8 17.Bd2 Bxd2 18.Nxd2 c5 19.dxc5 Rxc5 20.Nf3 Rc2 21.Qh4 h5 22.Re3 Qb4
23.Nd4 Rd2 24.Nf3 Qxh4 25.Nxh4 d4 26.Ree1 d3 27.Red1 Re2 28.Nf3 Rc8 29.Ne1 Rc3
30.Nf3 Rb2 31.Nd4 d2 32.f3 Rd3 33.Nc6 Rd7 34.Nb8  1-0

[Event "TCh-HUN 2005-6"]
[Site "Hungary HUN"]
[Date "2006.04.23"]
[Round "11"]
[White "Emodi,G"]
[Black "Liptay,L"]
[Result "1/2-1/2"]
[WhiteElo "2362"]
[BlackElo "2334"]

1.e4 c5 2.Nf3 Nc6 3.Bb5 e5 4.O-O d6 5.c3 Bd7 6.d4 Nf6 7.Qe2 cxd4 8.cxd4 Nxd4
9.Nxd4 exd4 10.Rd1 Qb6 11.Na3 Be7 12.Bg5 a6 13.Bxd7+ Nxd7 14.Bxe7 Kxe7 15.Nc4 Qc5
16.b4 Qxb4 17.Rxd4 Rhd8 18.Rad1 Qb5 19.Rd5 Nc5 20.e5 dxe5 21.Qxe5+ Ne6 22.Nd6 Qb6
23.Qf5 Rf8 24.Nc4 Qc6 25.Rd7+ Qxd7 26.Rxd7+ Kxd7 27.Nb6+ Ke7 28.Nxa8 Rxa8  1/2-1/2

[Event "XIII TCh-RUS"]
[Site "Sochi RUS"]
[Date "2006.04.23"]
[Round "4"]
[White "Tkachiev,V"]
[Black "Yakovich,Yur"]
[Result "1/2-1/2"]
[WhiteElo "2643"]
[BlackElo "2570"]

1.e4 c5 2.Nf3 Nc6 3.Bb5 g6 4.Bxc6 dxc6 5.d3 Bg7 6.h3 b6 7.O-O Nf6 8.Bd2 Nd7
9.Qc1 O-O 10.Bh6 e5 11.Nc3 f6 12.Bxg7 Kxg7 13.Nh2 Rf7 14.Ne2 Nf8 15.f4 exf4
16.Qxf4 Ne6 17.Qd2 Nd4 18.Nf3 Qd6 19.Rf2 Nxf3+  1/2-1/2